Warna poster : teknik dan kaedah penggunaan

Bibliographic Details
Main Author: Hazimi Malek
Format: Book
Published: Petaling Jaya : Eddiplex , 1996
Series:Skil Asas Seni Lukis
Subjects:

MARC

LEADER 00000cam a2200000 7i4500
001 0000008778
002 000009571
005 20000330.0
020 |a 9838802727 
090 0 0 |a 745.5   |b HAZ 
100 1 |a Hazimi Malek 
245 1 0 |a Warna poster :   |b teknik dan kaedah penggunaan   |c Hazimi Malek 
260 |a Petaling Jaya :   |b Eddiplex ,   |c 1996 
300 |a p.v. :   |b ill. ;   |c 19cm. 
490 0 |a Skil Asas Seni Lukis 
650 0 0 |a Artbrush art   |x Technique 
999 |a 050502   |b BUKU   |c PINJAMAN   |e PERPUSTAKAAN KOMUNITI PETALING JAYA 
999 |a 050503   |b BUKU   |c PINJAMAN   |e PERPUSTAKAAN KOMUNITI PETALING JAYA